000 00391nam a2200157Ia 4500
008 210716s2009 xx 000 0 und d
020 _a9788131710463
041 _aeng
082 _a659.1 DICK
100 _aDickerson, Kitty G.
245 _aInside the fashion business.
250 _a1
260 _aNew Delhi
_bPearson Education
_c2009
300 _axviii,558
650 _aAdvertising
999 _c182300
_d182300